Geography Quiz

Random Geography or Blitz Quiz

US Capital per Letter Quiz Stats

 Plays Quiz Updated Jul 14, 2018

Challenge
Share
Tweet
Embed
Score 0/16 Timer 01:30
0 Plays Today
Letter Capital % Correct
AAnnapolis...
91.4%
BBaton Rouge...
82.1%
DDenver...
75.8%
CCarson City...
73.4%
HHarrisburg...
71.9%
SSacramento...
71.4%
JJackson...
68.1%
TTallahassee...
59.8%
Letter Capital % Correct
IIndianapolis
56.6%
LLansing...
51.5%
PPhoenix...
46.5%
OOklahoma City...
46.1%
FFrankfort
44.6%
MMadison...
41.4%
RRaleigh...
36.6%
NNashville
21.3%

You're not logged in!

Compare scores with friends on all Sporcle quizzes.
Join for Free
OR
Log In

You Might Also Like...

Show Comments

Extras

Top Quizzes Today


Score Distribution

Your Account Isn't Verified!

In order to create a playlist on Sporcle, you need to verify the email address you used during registration. Go to your Sporcle Settings to finish the process.

Report this User

Report this user for behavior that violates our Community Guidelines.

Details: